Tìm hiểu về luật cạnh tranh /
Gespeichert in:
| 1. Verfasser: | |
|---|---|
| Format: | Sách giấy |
| Sprache: | Vietnamese |
| Veröffentlicht: |
H. :
Tư pháp,
2005.
|
| Schlagworte: | |
| Tags: |
Tag hinzufügen
Keine Tags, Fügen Sie den ersten Tag hinzu!
|
| Thư viện lưu trữ: | Thư viện Trường Đại học Đà Lạt |
|---|
| LEADER | 00662nam a2200277 4500 | ||
|---|---|---|---|
| 001 | DLU120137148 | ||
| 005 | ##20120712 | ||
| 040 | # | # | |a DLU |b vie |
| 041 | # | # | |a vie |
| 044 | # | # | |a vn |
| 082 | # | # | |a 343.072 1 |b TR-S |
| 100 | # | # | |a Trần Minh Sơn. |
| 245 | # | # | |a Tìm hiểu về luật cạnh tranh / |c Trần Minh Sơn. |
| 260 | # | # | |a H. : |b Tư pháp, |c 2005. |
| 300 | # | # | |a 213 tr. ; |c 21 cm. |
| 650 | # | # | |a Luật cạnh tranh |z Việt Nam. |
| 923 | # | # | |a 01/2012LH |
| 992 | # | # | |a 18500 |
| 994 | # | # | |a KLH |
| 900 | # | # | |a True |
| 911 | # | # | |a Đào Thị Thu Huyền |
| 925 | # | # | |a G |
| 926 | # | # | |a A |
| 927 | # | # | |a SH |
| 980 | # | # | |a Thư viện Trường Đại học Đà Lạt |